| 000 | 00962nam a2200265 a 4500 | ||
|---|---|---|---|
| 001 | 000043389 | ||
| 003 | DO-SdBNP | ||
| 005 | 20250307130452.0 | ||
| 007 | ta | ||
| 008 | 140312s1990 dr 000 0 spa d | ||
| 040 |
_aDO-SdBNP _bspa _cBNPHU |
||
| 082 | 4 | _222 | |
| 100 | 1 |
_aArias, José Adalberto, _d1951- _943084 |
|
| 245 | 1 | 0 |
_aEstructura del encaje legal en el sistema financiero dominicano : _banálisis crítico de las políticas de encaje aplicadas / _cJosé Adalberto Arias. |
| 260 |
_aSanto Domingo : _bCEMYD, _c1990. |
||
| 300 |
_a153 p. ; _c21 cm. |
||
| 490 | 1 | _aEstudios | |
| 500 | _aIncluye referencias bibliográficas y notas al pie de las páginas. | ||
| 500 | _aIncluye datos biográficos del autor en la contracubierta. | ||
| 504 | _aBibliografía : p. 151-153 | ||
| 590 | _aInventariado, 2023/BT | ||
| 710 | 1 |
_aRepública Domincana. _971053 _bCentro de Estudios Monetarios y Bancarios |
|
| 830 | 0 |
_aEstudios _93854 |
|
| 942 |
_2ddc _cLBS1 |
||
| 999 |
_c42878 _d42878 |
||